All 5-Letter Words Starting with “D” - Statistics

General Stats
  • This quiz has been taken 693 times
    517 since last reset
  • The average score is 161 of 486
Answer Stats
Word % Correct
deals
83%
dears
83%
drink
83%
drive
81%
drops
81%
d****
80%
ducks
80%
dolls
79%
dares
78%
doors
78%
dream
78%
dolly
77%
draws
77%
darks
76%
deers
76%
dimes
76%
docks
76%
drips
76%
dates
75%
dills
75%
drove
75%
drunk
75%
daddy
74%
decks
74%
deeps
74%
dines
74%
dirty
74%
dopes
74%
diner
73%
doggy
73%
drape
73%
darts
72%
deans
72%
dives
72%
drags
72%
dusty
72%
doves
71%
drank
71%
dread
71%
drill
71%
dared
70%
deeds
70%
diver
70%
downs
70%
drain
70%
drone
70%
dulls
70%
dames
69%
draft
69%
drugs
69%
drums
69%
deems
68%
dents
68%
domes
68%
drake
68%
dukes
68%
dunks
68%
dally
67%
dazed
67%
deads
67%
death
67%
dials
67%
dooms
67%
dunes
67%
daily
66%
dated
66%
dings
66%
drawn
66%
dusts
66%
dance
65%
dined
65%
dirts
65%
dress
65%
dudes
65%
dazes
64%
dived
64%
doubt
64%
drift
64%
dumbs
64%
dumps
64%
dater
63%
doped
63%
drabs
63%
dells
62%
dried
62%
damps
61%
dawns
61%
dilly
61%
droop
61%
dotty
60%
dupes
60%
dales
59%
dealt
59%
dizzy
59%
doses
59%
dries
59%
ducky
59%
dummy
59%
dairy
58%
daisy
58%
damns
58%
darns
58%
dongs
58%
doper
58%
duels
58%
dices
57%
diets
57%
dotes
57%
drier
57%
desks
56%
doles
56%
drams
56%
drool
56%
dully
56%
d****
55%
daffy
55%
delis
55%
dippy
55%
drown
55%
ditch
54%
dorks
54%
droll
54%
duffs
54%
d****
53%
dandy
53%
dangs
53%
darer
53%
deary
53%
debts
53%
demos
53%
discs
53%
dosed
53%
dozes
53%
dungs
53%
demon
52%
diced
52%
disks
52%
ditty
52%
dorms
51%
doser
50%
doted
50%
dozen
50%
dregs
50%
d****
49%
dikes
49%
dingo
49%
dingy
49%
domed
49%
donut
49%
dopey
49%
downy
49%
dozer
49%
devil
48%
dishy
48%
dodge
48%
dozed
48%
duped
48%
dashy
47%
doter
47%
drats
47%
debut
46%
donor
46%
drays
46%
dross
46%
defer
45%
delay
45%
dorky
45%
dough
45%
dumpy
45%
duper
45%
dense
44%
deter
44%
diary
44%
dicer
44%
dimer
44%
doffs
44%
doled
44%
drama
44%
druid
44%
duets
44%
dunce
44%
debit
43%
diffs
43%
decor
42%
delta
42%
depot
42%
doily
42%
dower
42%
duals
42%
dusks
42%
dutch
42%
depth
41%
dryer
41%
d****
40%
daubs
40%
delve
40%
dodos
40%
dolts
40%
deets
39%
dewed
39%
dobby
39%
doing
39%
drawl
39%
dribs
39%
derry
38%
dints
38%
doges
38%
dures
38%
dirks
37%
divas
37%
douse
37%
dusky
37%
dadas
36%
datum
36%
deuce
36%
doers
36%
dores
36%
dowel
36%
drear
36%
duked
36%
dumbo
35%
dyers
35%
deign
34%
deity
34%
dinos
34%
direr
34%
dirge
34%
disco
34%
ditto
34%
derby
33%
ducts
33%
decal
31%
delly
31%
drubs
31%
duvet
31%
dying
31%
decoy
30%
demur
30%
derms
30%
digit
30%
diode
30%
delts
29%
denim
29%
dimly
29%
divan
29%
doomy
29%
decay
28%
dojos
28%
duddy
28%
dungy
28%
daffs
27%
decos
27%
dicey
27%
deles
26%
daunt
25%
debar
25%
didos
25%
diked
25%
dinge
25%
dites
25%
divot
25%
dodgy
25%
dreck
25%
dured
25%
detox
24%
diker
24%
dowdy
24%
droid
24%
duces
24%
dados
23%
decan
23%
dowry
23%
dwell
23%
demit
22%
denes
22%
devon
22%
ditzy
22%
dormy
22%
drave
22%
dwarf
22%
dinar
21%
doven
21%
dowed
21%
dweeb
21%
daces
20%
derma
20%
divvy
20%
doozy
20%
dumas
20%
decaf
19%
deedy
19%
dekes
19%
dexes
19%
drail
19%
drupe
19%
dryad
19%
duded
19%
dunts
19%
durns
19%
degas
18%
doody
18%
dulce
18%
debug
17%
decry
17%
demes
17%
dobes
17%
doggo
17%
dolce
17%
doobs
17%
doula
17%
douts
17%
dowse
17%
doyen
17%
duchy
17%
dyads
17%
demob
16%
ditsy
16%
donas
16%
droit
16%
droke
16%
duras
16%
delft
15%
dogma
15%
donna
15%
dorps
15%
douce
15%
drees
15%
dunno
15%
d****
14%
dacha
14%
darbs
14%
dawed
14%
devis
14%
dolor
14%
dorrs
14%
dorsa
14%
ducal
14%
deled
13%
donne
13%
dreed
13%
drest
13%
duros
13%
deist
12%
dogey
12%
doits
12%
dooly
12%
ducat
12%
dural
12%
dauts
11%
debur
11%
demoi
11%
desis
11%
devel
11%
dicta
11%
djinn
11%
dogie
11%
donga
11%
dorty
11%
dosas
11%
doxie
11%
dropt
11%
dauby
10%
deash
10%
deave
10%
defat
10%
deils
10%
delfs
10%
devas
10%
doest
10%
durst
10%
dwelt
10%
dynes
10%
datos
9%
dawks
9%
defis
9%
deify
9%
denar
9%
deray
9%
dewar
9%
dhals
9%
dolma
9%
draff
9%
dahls
8%
dashi
8%
daven
8%
davit
8%
debag
8%
deked
8%
derat
8%
dicot
8%
dight
8%
diols
8%
dopas
8%
doums
8%
drily
8%
dript
8%
druse
8%
dryly
8%
dunch
8%
durrs
8%
dhows
7%
ditas
7%
doats
7%
douma
7%
dreks
7%
duple
7%
daman
6%
damar
6%
daube
6%
dawts
6%
debye
6%
defog
6%
demic
6%
dewax
6%
dirls
6%
diwan
6%
dotal
6%
durra
6%
dagga
5%
datto
5%
dawen
5%
dedal
5%
deice
5%
deism
5%
dewan
5%
dhole
5%
diram
5%
dobro
5%
dolci
5%
dowie
5%
dufus
5%
dwine
5%
daric
4%
dipso
4%
dixit
4%
dizen
4%
dobie
4%
dobra
4%
doeth
4%
domal
4%
donee
4%
dryas
4%
duroc
4%
durum
4%
degum
3%
dekko
3%
desex
3%
dexie
3%
dhaks
3%
dhoti
3%
dicty
3%
didie
3%
didst
3%
diene
3%
disci
3%
djins
3%
dobla
3%
domic
3%
donsy
3%
dosai
3%
doura
3%
doyly
3%
duads
3%
dulia
3%
dulse
3%
danio
2%
deair
2%
deoxy
2%
deshi
2%
dholl
2%
drouk
2%
dunam
2%
duomo
2%
dhikr
1%
dhobi
1%
dhuti
1%
diazo
1%
disme
1%
dosha
1%
duits
1%
dumky
1%
duomi
1%
dynel
1%
dumka
0%
dwale
0%
No matching quizzes found
Score Distribution
Percent of People with Each Score
Percentile by Number Answered
Your Score History
You have not taken this quiz since the last reset